000 00465nam a2200193Ia 4500
005 20240823044818.0
008 240823s9999||||xx |||||||||||||| ||und||
020 _a978-81-8487-091-6
041 _aENGLISH
082 _A511.2 P6
100 _aIyengar SR K
245 0 _aMathematical Methods
250 _a1st
260 _c2006
_bNarosa Publishing House New
500 _aYES
650 _aMathematics
_bMathematics
700 _a Jain R K
942 _cBK
999 _c213490
_d213490